| 000 | 00495nam a22001931a 4500 | ||
|---|---|---|---|
| 001 | 18750 | ||
| 003 | OSt | ||
| 005 | 20260204212420.0 | ||
| 008 | 180619s2008||||dr ||||||b||||||||||spa|| | ||
| 020 | _a999343356x | ||
| 082 | _aRD972.93 F844h | ||
| 100 | _aFranco Pichardo,Franklin | ||
| 245 | _aHistoria del pueblo dominicano/Franklin Franco Pichardo | ||
| 250 | _a7 | ||
| 264 | _aSanto Domingo:Mediabyte | ||
| 300 | _a659 p | ||
| 650 | _aHistoria-República DominicanaÌ | ||
| 942 |
_2ddc _cBK |
||
| 999 |
_c18750 _d18750 |
||